[Event "Vienna Chess Open 2016 Group A"]
[Site "Grosser Festsaal im Wiener Rathaus, 1010 Wien"]
[Date "2016.08.23"]
[Round "9"]
[Board "30"]
[White "Exler, Veronika"]
[Black "Voege, Tobias"]
[Result "0-1"]
[WhiteElo "2194"]
[BlackElo "2346"]
[PlyCount "148"]
[EventDate "2016.08.16"]
[EventRounds "9"]
[EventCountry "AUT"]

1.d4 d5 2.c4 Nc6 3.Nf3 Bg4 4.e3 e5 5.dxe5 d4 6.exd4 Bxf3 7.Qxf3 Qxd4 8.Be2 Bb4+ 9.Nc3
Nxe5 10.Qe3 Qxe3 11.Bxe3 Bxc3+ 12.bxc3 O-O-O 13.O-O f6 14.Rfb1 a6 15.Rb3 b6 16.c5
b5 17.a4 Ne7 18.axb5 axb5 19.Bxb5 c6 20.Be2 Kd7 21.f4 N5g6 22.Rb7+ Ke6 23.Bc4+ Kf5
24.h3 Rhe8 25.g4+ Ke4 26.Re1 Kf3 27.Rb2 Nd5 28.Rf2+ Kg3 29.Bxd5 Rxd5 30.Rg2+ Kf3 31.Rf2+
Kg3 32.Rg2+ Kf3 33.Kh2 Rdd8 34.Rg3+ Ke4 35.Bd2+ Kd5 36.Rxe8 Rxe8 37.Be3 Re4 38.f5
Ne5 39.Bf2 Kc4 40.Kg2 Nd3 41.Bd4 h6 42.h4 Nxc5 43.Kf3 Re1 44.Bxc5 Kxc5 45.g5 hxg5
46.hxg5 Kd5 47.Kg4 Ke5 48.Kh5 Kxf5 49.Rf3+ Ke5 50.gxf6 gxf6 51.Kg6 Rg1+ 52.Kf7 f5
53.Re3+ Kd5 54.Rd3+ Kc4 55.Rf3 Re1 56.Kf6 f4 57.Kf5 Re3 58.Rxf4+ Kxc3 59.Rf1 c5 60.Rc1+
Kd4 61.Kf4 Rd3 62.Ra1 c4 63.Ra8 Rd2 64.Kf3 Kc3 65.Ke3 Rd7 66.Ke2 Kb3 67.Rb8+ Kc2 68.Ke1
Re7+ 69.Kf2 c3 70.Rc8 Kd2 71.Rd8+ Kc1 72.Rc8 c2 73.Kf3 Rb7 74.Ke2 Kb2 0-1

[Event "Vienna Chess Open 2016 Group A"]
[Site "Grosser Festsaal im Wiener Rathaus, 1010 Wien"]
[Date "2016.08.23"]
[Round "9"]
[Board "31"]
[White "Singer, Christoph"]
[Black "Low, Zhen Yu Cyrus"]
[Result "1/2-1/2"]
[WhiteElo "2334"]
[BlackElo "2197"]
[PlyCount "37"]
[EventDate "2016.08.16"]
[EventRounds "9"]
[EventCountry "AUT"]

1.e4 c5 2.Nf3 d6 3.d4 cxd4 4.Qxd4 Nc6 5.Bb5 Bd7 6.Bxc6 Bxc6 7.Nc3 Nf6 8.Bg5 e6 9.O-O-O
Be7 10.Rhe1 O-O 11.Kb1 h6 12.Bh4 Re8 13.Qd3 a6 14.Nd4 Nxe4 15.Nxe4 Bxh4 16.Nxc6 bxc6
17.Nxd6 Rf8 18.g3 Be7 19.f4 1/2-1/2

[Event "Vienna Chess Open 2016 Group A"]
[Site "Grosser Festsaal im Wiener Rathaus, 1010 Wien"]
[Date "2016.08.23"]
[Round "9"]
[Board "32"]
[White "Wallner, Joachim"]
[Black "Pisu, Robert-Daniel"]
[Result "1-0"]
[WhiteElo "2333"]
[BlackElo "2165"]
[PlyCount "53"]
[EventDate "2016.08.16"]
[EventRounds "9"]
[EventCountry "AUT"]

1.Nf3 d5 2.c4 c6 3.e3 Nf6 4.Nc3 g6 5.b3 Bg7 6.Bb2 O-O 7.Be2 b6 8.O-O Bb7 9.d4 Ne4
10.Qc2 Nxc3 11.Bxc3 Nd7 12.Rfd1 Qc7 13.Rac1 Rac8 14.Qb2 Nf6 15.cxd5 cxd5 16.Bb4 Qd7
17.Qa3 Ne4 18.Qxa7 Ra8 19.Qxb6 Rxa2 20.Bb5 Qg4 21.Rf1 Bh6 22.h3 Qh5 23.Qxb7 Nxf2 24.Rxf2
Bxe3 25.Rcf1 Rfa8 26.Qxe7 Qh6 27.Bd2 1-0

[Event "Vienna Chess Open 2016 Group A"]
[Site "Grosser Festsaal im Wiener Rathaus, 1010 Wien"]
[Date "2016.08.23"]
[Round "9"]
[Board "34"]
[White "Larmuseau, Michiel"]
[Black "Powierski, Emil"]
[Result "0-1"]
[WhiteElo "2177"]
[BlackElo "2323"]
[PlyCount "56"]
[EventDate "2016.08.16"]
[EventRounds "9"]
[EventCountry "AUT"]

1.e4 c6 2.Nc3 d5 3.Nf3 Nf6 4.e5 Ne4 5.Ne2 Qb6 6.d4 e6 7.Nfg1 f6 8.f3 Ng5 9.c3 c5 10.a3
cxd4 11.cxd4 Nc6 12.Bxg5 fxg5 13.Rb1 Be7 14.b4 Bd7 15.Qd3 O-O 16.Rd1 Be8 17.Nc3 Rc8
18.Nge2 Nb8 19.Nc1 a5 20.b5 a4 21.N1a2 Qa5 22.Rd2 Bg6 23.Qe3 Bxa3 24.Nxd5 Rc2 25.Ndc3
Bc1 26.Nxc1 Rxc3 27.Nd3 Bxd3 28.Bxd3 Rc1+ 0-1

[Event "Vienna Chess Open 2016 Group A"]
[Site "Grosser Festsaal im Wiener Rathaus, 1010 Wien"]
[Date "2016.08.23"]
[Round "9"]
[Board "35"]
[White "Lewicki, Miroslaw"]
[Black "Voloshin, Pavel"]
[Result "1/2-1/2"]
[WhiteElo "2319"]
[BlackElo "2120"]
[PlyCount "88"]
[EventDate "2016.08.16"]
[EventRounds "9"]
[EventCountry "AUT"]

1.e4 e6 2.d4 d5 3.Nd2 c5 4.exd5 Qxd5 5.Ngf3 cxd4 6.Bc4 Qd6 7.O-O Nf6 8.Nb3 Nc6 9.Nfxd4
Nxd4 10.Nxd4 a6 11.Be3 Qc7 12.Bb3 Bd6 13.h3 O-O 14.Qe2 Bd7 15.c4 h6 16.Rac1 b6 17.Rfd1
Rfd8 18.Bc2 Rac8 19.Bb1 Bc5 20.Rd3 e5 21.Nb3 Bf8 22.Rcd1 Be6 23.Rxd8 Rxd8 24.Rxd8
Qxd8 25.Nd2 Qc7 26.Qd3 g6 27.Qc3 Nd7 28.Bd3 f5 29.Nb3 a5 30.c5 Nxc5 31.Nxc5 Bxc5 32.Bxh6
Bxa2 33.Bc4+ Bxc4 34.Qxc4+ Qf7 35.Qa6 Kh7 36.Bg5 Bd4 37.Qb5 Qc7 38.Qe8 e4 39.b3 Qe5
40.Qf7+ Qg7 41.Qe6 Qe5 42.Qf7+ Qg7 43.Qe6 Qe5 44.Qf7+ Qg7 1/2-1/2

[Event "Vienna Chess Open 2016 Group A"]
[Site "Grosser Festsaal im Wiener Rathaus, 1010 Wien"]
[Date "2016.08.23"]
[Round "9"]
[Board "36"]
[White "Bisby, Daniel"]
[Black "Yu, Jonathan"]
[Result "1-0"]
[WhiteElo "2311"]
[BlackElo "2106"]
[PlyCount "130"]
[EventDate "2016.08.16"]
[EventRounds "9"]
[EventCountry "AUT"]

1.e4 e6 2.d3 c5 3.Nf3 Nc6 4.g3 g6 5.Bg5 Qc7 6.Nc3 Bg7 7.Qd2 a6 8.Bg2 d6 9.O-O Nge7
10.Bh6 O-O 11.Bxg7 Kxg7 12.d4 cxd4 13.Nxd4 Nxd4 14.Qxd4+ e5 15.Qd2 Be6 16.Rad1 Rfd8
17.f4 Qc5+ 18.Kh1 Bc4 19.Rf2 f6 20.b3 Be6 21.f5 gxf5 22.exf5 Nxf5 23.Bd5 Bxd5+ 24.Nxd5
Nd4 25.Nxf6 Qc6+ 26.Kg1 Nf3+ 27.Rxf3 Qxf3 28.Qg5+ Kh8 29.Rf1 Qc3 30.Nh5 e4 31.Rf7
Rf8 32.Qe7 Qe1+ 33.Kg2 Qe2+ 34.Kg1 Qe1+ 35.Kg2 Qe2+ 36.Kg1 Qe3+ 37.Kg2 Rxf7 38.Qxf7
Qh6 39.Nf4 Rf8 40.Qxb7 Qf6 41.Qxe4 d5 42.Qxd5 Rd8 43.Qc5 Qd4 44.Qxd4+ Rxd4 45.Nd3
a5 46.Kf3 a4 47.Ke3 Rd6 48.c4 Rh6 49.b4 Rxh2 50.b5 Rxa2 51.b6 Ra1 52.Kd4 Rb1 53.Kc5
a3 54.Nb4 Kg7 55.b7 a2 56.b8=Q a1=Q 57.Qc7+ Kg6 58.Qd6+ Qf6 59.Nd5 Qxd6+ 60.Kxd6 Rc1
61.c5 Kf5 62.c6 h6 63.c7 Kg4 64.Nf6+ Kxg3 65.Ne4+ Kg4 1-0